000 00214nam a22000857a 4500
008 170202b xxu||||| |||| 00| 0 eng d
100 _92744
_aCBSE
245 _aTeacher Manual on CCE-IX-X
260 _aNew Delhi
_bCBSE
_c2009
999 _c5922
_d5922